00915nam a2200217 a 450000100100000000500170001000800410002704000250006810000270009324501210012025000110024126000530025230000210030549000200032659000760034670000440042283000270046604900090049395201780050299900170068000003474220200930073856.0111019s1966 es 000 0 spa d aDO-SdBNPbspacBNPHU1 aStorer, John H.96021513aLa trama de la vida :bintroducción a la ecología /cJohn H. Storer ; traducción de Rafael Martín del Campo. a2a ed. aMéxico :bFondo de Cultura Económica,c1966. a125 p. ;c18 cm.1 aBreviariosv143 aPerteneció a la biblioteca personal de Juan Isidro Jimenes Grullón. aMartín del Campo, Rafael,etr.960216 0aBreviariosv143916416 aBNPD 001050718MOaGRbGRcCTd2011-10-19iLF1l0o p34742-10r2020-06-25w2020-06-25y1zPerteneció a la biblioteca personal de Juan Isidro Jimenes Grullón.ZNo se presta c34233d34233